000 00554nam a22001697a 4500
999 _c372016
_d372016
008 201207b ||||| |||| 00| 0 eng d
040 _aDE-2950
_bger
_cDE-2950
_erda
245 _aSchwedt/ Oder - Ein Projekt zur Erfassung baubezogener Kunst Teil I /
_cDirk Schermer
264 _c2022
653 _aSchwedt/ Oder
653 _aBaubezogene Kunst
773 _dAachen: Geymüller Verlag für Architektur
_g8(2022) Heft I., S. 77-86
_tBrandenburgische Denkmalpflege
942 _cA